المؤتمر الإقليمي للسلام في الشرق الأوسط / (رقم التسجيلة. 87579)

تفاصيل مارك
000 -LEADER
fixed length control field 00809nam a22002297a 4500
005 - DATE AND TIME OF LATEST TRANSACTION
control field 20251108172742.0
008 - FIXED-LENGTH DATA ELEMENTS--GENERAL INFORMATION
fixed length control field 250721s1991 xx 000 0 ara d
082 14 - DEWEY DECIMAL CLASSIFICATION NUMBER
Classification number 327.17/مؤت
100 1# - MAIN ENTRY--PERSONAL NAME
Personal name الحمد، جواد
Relator term مؤلف
111 2# - MAIN ENTRY--MEETING NAME
Meeting name or jurisdiction name as entry element المؤتمر الإقليمي للسلام (عمان :1991)
245 10 - TITLE STATEMENT
Title المؤتمر الإقليمي للسلام في الشرق الأوسط /
264 1# - PRODUCTION, PUBLICATION, DISTRIBUTION, MANUFACTURE, AND COPYRIGHT NOTICE
Place of production, publication, distribution, manufacture عمان :
Name of producer, publisher, distributor, manufacturer مركز دراسات الشرق الأوسط،
Date of production, publication, distribution, manufacture, or copyright notice 1991.
300 ## - PHYSICAL DESCRIPTION
Extent 350ص
650 17 - SUBJECT ADDED ENTRY--TOPICAL TERM
Topical term or geographic name as entry element العلاقات الدولية
650 17 - SUBJECT ADDED ENTRY--TOPICAL TERM
Topical term or geographic name as entry element السلام
650 17 - SUBJECT ADDED ENTRY--TOPICAL TERM
Topical term or geographic name as entry element إتفاقيات السلام
650 17 - SUBJECT ADDED ENTRY--TOPICAL TERM
Topical term or geographic name as entry element المفاوضات
650 17 - SUBJECT ADDED ENTRY--TOPICAL TERM
Topical term or geographic name as entry element النزاع العربي الإسرائيلي
700 1# - ADDED ENTRY--PERSONAL NAME
Personal name الشباب، حسني
Relator term مؤلف
942 ## - ADDED ENTRY ELEMENTS (KOHA)
Source of classification or shelving scheme Dewey Decimal Classification
Koha item type كتب
المقتنيات
حالة السحب حالة الفقدان مصدر التصنيف حالة التلف غير قابل للإعارة المكتبة الرئيسية المكتبة الحالية موقع الرف تاريخ التزويد الرقم المتسلسل Total Checkouts رقم الإستدعاء الباركود تاريخ آخر ظهور تاريخ الفاتورة نوع المادة (كوها)
    Dewey Decimal Classification     المكتبة المركزية المكتبة المركزية الإعارة 07/10/2015 1613592   327.17/مؤت PLD00353064 28/07/2025 07/10/2015 كتب
Implemented & Customized by: BBB with SCIT (Smart Chains for Information Technology)

Powered by Koha